Optimal Design for Moving Local Regressions

Saved in:
Bibliographic Details
Main Author: Müller, Werner G.
Format: Book
Language:English
Published: Wien Institut für Höhere Studien 1991
Edition:1. ed.
Series:Research Memorandum No.281
Tags: Add Tag
No Tags, Be the first to tag this record!

MARC

LEADER 00000nam a2200000 4500
001 c025623
005 20221206114826.8
041 0 |a eng 
044 |a AT 
245 1 0 |a Optimal Design for Moving Local Regressions  |c Werner G. Müller 
250 |a 1. ed. 
264 1 |a Wien  |b Institut für Höhere Studien  |c 1991 
300 |a 21 s. 
490 1 |a Research Memorandum  |v No.281 
830 0 |a Research Memorandum  |v No.281 
100 1 |a Müller, Werner G.